书目信息 |
| 题名: |
公路工程地质
|
|
| 作者: | 戴文亭 主编 | |
| 分册: | ||
| 出版信息: | 长春 吉林大学出版社 2005.04 |
|
| 页数: | 228页 | |
| 开本: | 26cm | |
| 丛书名: | ||
| 单 册: | ||
| 中图分类: | U412.22 | |
| 科图分类: | ||
| 主题词: | 道路工程--dao lu gong cheng--工程地质 | |
| 电子资源: | ||
| ISBN: | 7-5601-3160-3 | |
| 000 | 00710nam0 2200229 450 | |
| 001 | 010238199966 | |
| 005 | 20051219145147.86 | |
| 010 | @a7-5601-3160-3@dCNY22.00 | |
| 100 | @a20050614d2005 km y0chiy0120 ea | |
| 101 | 0 | @achi |
| 102 | @aCN@b220000 | |
| 105 | @aa a 000yy | |
| 200 | 1 | @a公路工程地质@Agong lu gong cheng di zhi@f戴文亭主编@Fdai wen ting zhu bian |
| 210 | @a长春@c吉林大学出版社@d2005.04 | |
| 215 | @a228页@c图@d26cm | |
| 320 | @a有书目。 | |
| 330 | @a本书系统阐述了工程地质学的任务、基础知识及基本理论。 | |
| 606 | 0 | @a道路工程@Adao lu gong cheng@x工程地质 |
| 690 | @aU412.22@v4 | |
| 701 | 0 | @a戴文亭@Adai wen ting@4主编 |
| 801 | 0 | @aCN@bQSSK@c20051219 |
| 905 | @a10447@dU412.22@eD136 | |
| 公路工程地质/戴文亭主编.-长春:吉林大学出版社,2005.04 |
| 228页:图;26cm |
| ISBN 7-5601-3160-3:CNY22.00 |
| 本书系统阐述了工程地质学的任务、基础知识及基本理论。 |
| ● |
| 相关链接 |
|
|
|
正题名:公路工程地质
索取号:U412.22/D136
 
预约/预借
| 序号 | 登录号 | 条形码 | 馆藏地/架位号 | 状态 | 备注 |
| 1 | 578421 | 205784212 | 自科库501/501自科库 51排3列5层/ [索取号:U412.22/D136] | 在馆 | |
| 2 | 578422 | 205784221 | 自科库501/501自科库 51排3列5层/ [索取号:U412.22/D136] | 在馆 | |
| 3 | 578423 | 205784230 | 自科库501/501自科库 51排3列5层/ [索取号:U412.22/D136] | 在馆 |